[Event "CCCSA IM Norm B 2019"]
[Site "Charlotte"]
[Date "2019.06.07"]
[Round "4.2"]
[White "Kolay, Alex"]
[Black "Ynojosa Aponte, Felix Jose"]
[Result "1/2-1/2"]
[WhiteElo "2274"]
[BlackElo "2386"]
[Annotator "TA"]
[PlyCount "159"]
[EventDate "2019.06.05"]
[EventType "tourn"]
[EventCountry "USA"]
[SourceTitle "playchess.com"]
[Source "ChessBase"]
[SourceQuality "1"]

{[%evp 22,159,23,28,69,0,0,0,54,0,90,78,77,54,75,61,67,58,72,72,66,79,87,75,52,56,150,103,100,57,51,58,58,8,18,0,0,-8,-8,-8,-8,-8,0,0,0,0,0,0,0,0,0,0,0,-80,-80,-5181,-8,-8,0,0,0,0,0,0,0,0,0,0,0,0,0,0,0,0,0,0,0,0,0,0,0,0,0,0,0,0,0,0,0,0,0,0,0,0,0,0,0,0,0,0,0,0,0,0,0,0,0,0,0,0,0,0,0,0,0,0,0,0,0,0,0,0,0,0,0,0,0,0,0,0,0,0,0,0,0,0,0,0,0,0]} 1. d4 Nf6 2. c4 e6 3. Nf3 d5 4. Nc3 c6 5. Bg5 dxc4 6. e4 b5 7. e5 h6 8. Bh4 g5 9. Nxg5 hxg5 10. Bxg5 Nbd7 11. exf6 Bb7 12. g3 Nxf6 {D44: Semi-Slav: Botvinnik System} (12... c5 13. d5 Qb6 14. Bg2 O-O-O 15. O-O b4 16. Na4 Qb5 17. a3 Nb8 18. axb4 cxb4 19. Qg4 Bxd5 20. Rac1 Qxa4 21. Rxc4+ Kb7 22. Rfc1 Na6 23. Rd4 Bc5 24. Re4 Bb6 25. h4 Qb3 26. Bf4 Qxb2 27. Re2 Qxf6 {0-1 (37) Melkumyan,H (2662)-Sasikiran,K (2666) Yerevan 2018}) 13. Qf3 (13. Bg2 $14) 13... Be7 $11 14. O-O-O $146 ({Predecessor:} 14. Bg2 Nd5 15. Bxe7 Qxe7 16. O-O O-O-O 17. Nxd5 Rxd5 18. Qc3 Rdh5 19. h4 c5 20. dxc5 Bxg2 {½-½ (20) Pluska,A (1598)-Moeller,D (1732) Kiel 2012}) 14... Rb8 ({Black should play} 14... Nd5 $11 15. Bxe7 Qxe7) 15. Bg2 (15. h4 $1 $14) 15... c5 (15... b4 $11 {keeps the balance.} 16. Ne4 Nxe4 17. Bxe7 Kxe7 18. Qxe4 Qd5) 16. d5 $1 $16 Nxd5 17. Bxe7 Qxe7 18. Nxd5 Bxd5 19. Qc3 $1 {[%csl LRd5,LRh8][%cal Rc3h8]} O-O $1 ({But not} 19... Rh5 $2 20. Bxd5 Kf8 21. Be4 $18) 20. Bxd5 exd5 21. Rxd5 {Threatens to win with Re1.} Rfd8 22. Rh5 {[%csl Gc3][%cal Rh5h8]} Rd4 23. Re1 Qd6 (23... Qf6 $14) 24. Qe3 {Black must now prevent Qg5+.} Rd5 25. Rxd5 Qxd5 {[%mdl 4096] Endgame KQR-KQR} 26. Rd1 Qf5 27. g4 Qxg4 28. f4 Kh7 $1 29. Rg1 Re8 $1 30. Rxg4 {[%cal Re3h3]} Rxe3 $11 {KR-KR} 31. Rg5 Re1+ 32. Kd2 Rh1 (32... Re4 {with more complications.} 33. Rxc5 a6 34. Rc6 Rxf4 35. Rxa6 b4) 33. Rxc5 Rxh2+ 34. Kc3 a6 {[#]} 35. a4 $1 {[%mdl 512]} Rh3+ (35... bxa4 36. Ra5) 36. Kc2 bxa4 37. Rxc4 (37. Rf5 $11) 37... a3 $17 38. b3 $2 {[%mdl 8192] [#]} (38. bxa3 $17 Rxa3 39. Rc6) 38... Rh2+ $2 ({Black should try} 38... Rh1 $1 $19 39. Ra4 {[%mdl 64] [#] Double Attack} a2 $1 {[%mdl 512]} 40. Rxa2 Rh2+ 41. Kb1 Rxa2 42. Kxa2 Kg6) 39. Kc3 $11 {The position is equal.} a2 40. Ra4 Kg6 41. Ra5 Rf2 42. b4 Rf3+ 43. Kc2 Rxf4 44. Rxa6+ Kf5 45. Kb3 Rf3+ 46. Kxa2 Ke4 47. Rd6 f5 48. b5 Rh3 49. b6 f4 50. b7 Rh8 51. Rf6 $1 Rb8 52. Rf7 f3 53. Kb3 Ke3 54. Kc2 f2 {...Rxb7! is the strong threat.} 55. Re7+ Kf3 56. Rf7+ Kg2 (56... Ke2 $5 57. Re7+ $8 Kf3 58. Rf7+ Ke4 $11) 57. Rg7+ Kf1 (57... Kf3 $5 58. Rf7+ $8 Ke4 $11) 58. Rf7 Rg8 (58... Kg2 $5 59. Rg7+ $8 Kh2 60. Rh7+ Kg3 61. Rg7+ Kf4 $11) 59. Kc3 Kg2 60. Kc4 Rb8 61. Rg7+ Kh1 62. Rf7 Kg1 (62... Kg2 $5 63. Rg7+ $8 Kf3 64. Rf7+ Kg2 $11) 63. Rg7+ Kh2 64. Rf7 Kg3 (64... Kg2 $5 65. Rg7+ $8 Kf3 66. Rf7+ Kg2 $11) 65. Rg7+ Kf3 66. Rf7+ Ke2 (66... Kg2 $5 67. Rg7+ $8 Kf3 68. Rf7+ Kg2 $11) 67. Re7+ Kd1 68. Rd7+ Ke1 (68... Ke2 $5 69. Re7+ $8 Kf3 70. Rf7+ Ke2 71. Re7+ $11) 69. Re7+ Kf1 70. Rf7 Ke1 (70... Ke2 $5 71. Re7+ $8 Kf3 72. Rf7+ Ke2 $11) 71. Re7+ Kf1 72. Rf7 Kg2 (72... Ke2 $5 73. Re7+ $8 Kf3 74. Rf7+ Ke2 $11) 73. Rg7+ Kh3 (73... Kf3 $5 {[%cal Rb8f8]} 74. Rf7+ Ke2 75. Re7+ Kd2 76. Rd7+ Ke3 77. Re7+ Kf3 78. Rf7+ $11) 74. Rf7 Kg3 (74... Kg2 $5 75. Rg7+ $8 $11) 75. Rg7+ Kf4 76. Rf7+ Ke3 {Strongly threatening ...Rxb7!} (76... Kg3 $5 77. Rg7+ $8 $11) 77. Re7+ Kd2 78. Rd7+ Ke2 (78... Ke3 $5 79. Re7+ $8 Kf4 80. Rf7+ Ke5 $11) 79. Re7+ Kf1 80. Rf7 {Accuracy: White = 62%, Black = 57%.} 1/2-1/2

[Event "CCCSA IM Norm B 2019"]
[Site "Charlotte"]
[Date "2019.06.07"]
[Round "4.3"]
[White "Dukic, Zachary"]
[Black "Homa, Seth"]
[Result "1-0"]
[WhiteElo "2224"]
[BlackElo "2300"]
[Annotator "TA"]
[PlyCount "91"]
[EventDate "2019.06.05"]
[EventType "tourn"]
[EventCountry "USA"]
[SourceTitle "playchess.com"]
[Source "ChessBase"]
[SourceQuality "1"]

{[%evp 20,91,46,65,57,47,61,70,75,22,31,16,47,0,0,0,9,3,14,0,0,0,0,0,2,-42,-54,-49,37,45,61,38,45,115,223,253,301,277,304,279,271,290,262,225,225,216,216,209,264,192,282,189,243,252,768,770,741,757,1107,619,5017,1086,29976,29977,29970,990,29974,29975,29982,29983,29983,29984,29983,29984]} 1. e4 c5 2. Nf3 Nc6 3. d4 cxd4 4. Nxd4 g6 5. Nc3 Bg7 6. Be3 Nf6 7. Bc4 O-O 8. Bb3 a5 9. O-O a4 10. Nxa4 Nxe4 11. Nb5 {[#] Threatens to win with Bb6.} Ra6 {B35: Sicilian: Accelerated Dragon with 5 Nc3: main line} 12. Qe2 (12. f3 Nf6 13. c4 d6 14. Nac3 Na5 15. Rc1 Be6 16. Ne2 d5 17. c5 Nxb3 18. axb3 Bd7 19. Nbc3 {1-0 (36) Almasi,Z (2689)-Istratescu,A (2602) Bastia 2015}) 12... Nf6 13. c4 d6 {White is slightly better.} 14. f3 (14. Rad1 $16) 14... Be6 $11 15. Rfd1 Qb8 16. Nac3 Na5 17. Nd4 Nxb3 $146 ({Predecessor:} 17... Qc8 18. Nxe6 Qxe6 19. Nd5 Nxd5 20. cxd5 {0-1 (31) Passoni,C (2286)-Bancod,R (2354) Bratto 2004}) 18. axb3 Bd7 19. b4 Rxa1 20. Rxa1 e6 21. Ndb5 {White wants to play Ba7.} d5 22. Bc5 Bxb5 23. Nxb5 ({Of course not} 23. cxb5 Rc8 $17) 23... Re8 ({Better is} 23... Rd8 $1 $15) 24. Bd6 $14 Qc8 25. c5 $36 {[%mdl 2048] White is pushing.} Qd7 26. Be5 Nh5 (26... Rd8 $16 {was necessary.}) 27. Nd6 $18 Bxe5 28. Qxe5 f6 29. Qd4 Rb8 30. Ra7 Ng7 31. Qxf6 Ne8 32. Nxe8 Rxe8 {[%mdl 4096] Endgame KQR-KQR} 33. Qe5 Qb5 34. Qd4 Qe2 (34... Qd7 {might work better.} 35. f4 Rc8) 35. Ra1 Kf7 (35... Qb5 $142 36. Ra7 Qd7) 36. h3 {Hoping for c6!} h5 $2 (36... Re7 37. Ra8 Qc4 38. Qxc4 (38. Qh8 Qc1+ 39. Kh2 Qf4+ 40. g3 Qd2+ 41. Kg1 Qd1+ 42. Kh2 Qe2+ 43. Kh1 Qxf3+ 44. Kh2 Qf2+ 45. Kh1 Qe1+ 46. Kh2 Qf2+ 47. Kh1 Qe1+ 48. Kh2 Qf2+ $11) 38... dxc4) 37. Qf4+ Kg8 38. Ra7 e5 39. Qf6 Qe1+ {[#]} 40. Kh2 $1 Qxb4 41. Qxg6+ {[%mdl 64] Double Attack} Kf8 42. Qf6+ Kg8 43. c6 {White mates.} Rf8 44. Qg6+ Kh8 45. Qxh5+ Kg8 46. Qg5+ {Accuracy: White = 75%, Black = 34%.} 1-0

[Event "CCCSA IM Norm B 2019"]
[Site "Charlotte"]
[Date "2019.06.07"]
[Round "4.4"]
[White "Lokander, Martin"]
[Black "Kumar, Nikhil"]
[Result "0-1"]
[WhiteElo "2429"]
[BlackElo "2257"]
[Annotator "RC"]
[PlyCount "58"]
[EventDate "2019.06.05"]
[EventType "tourn"]
[EventCountry "USA"]
[SourceTitle "playchess.com"]
[Source "ChessBase"]
[SourceQuality "1"]
[TimeControl "5400+30"]

1. c4 {[%emt 0:00:00]} e6 {[%emt 0:00:00]} 2. g3 {[%emt 0:00:00]} Nf6 {[%emt 0:00:08]} 3. Bg2 {[%emt 0:00:00]} d5 {[%emt 0:00:08]} 4. Nf3 {[%emt 0:00:00]} Be7 {[%emt 0:00:07]} 5. O-O {[%emt 0:00:00]} O-O {[%emt 0:00:13]} 6. d3 {[%emt 0:00:34]} c5 {[%emt 0:00:29]} 7. d4 {[%emt 0:00:09]} dxc4 {[%emt 0:01:52]} 8. dxc5 {[%emt 0:00:38]} Bxc5 {[%emt 0:00:30]} 9. Qa4 {[%emt 0:00:37]} Qe7 {[%emt 0:00:57]} 10. Qxc4 {[%emt 0:00:20]} Nbd7 {[%emt 0:09:15]} 11. a3 {[%emt 0:00:38]} Nb6 {[%emt 0:02:04]} 12. Qh4 {[%emt 0:03:23]} e5 {[%emt 0:01:20]} 13. Nc3 {[%emt 0:03:44]} h6 {[%emt 0:16:20]} 14. b4 {[%emt 0:04:28]} Bd6 {[%emt 0:00:14]} 15. Be3 {[%emt 0:00:13]} Be6 {[%emt 0:12:11]} 16. Nd2 {[%emt 0:03:42]} Rac8 {[%emt 0:04:32]} 17. Nb5 {[%emt 0:01:55]} Bb8 {[%emt 0:07:08]} 18. Bc5 {[%emt 0:05:29]} Qd7 {[%emt 0:02:01]} 19. a4 {[%emt 0:10:03]} Qxd2 {[%emt 0:02:42]} 20. Bxb7 {[%emt 0:00:15]} Qxe2 {[%emt 0:07:26]} 21. Rfe1 {[%emt 0:01:02]} Qc2 {[%emt 0:01:41]} 22. Bxc8 {[%emt 0:00:45]} Rxc8 {[%emt 0:00:41]} 23. a5 {[%emt 0:00:48]} Nbd7 {[%emt 0:02:23]} 24. Rac1 {[%emt 0:02:35]} Qf5 {[%emt 0:02:00]} 25. Bxa7 {[%emt 0:04:03]} Rxc1 {[%emt 0:01:06]} 26. Rxc1 {[%emt 0:00:02]} Bxa7 {[%emt 0:00:58]} 27. Nxa7 {[%emt 0:00:04]} Ng4 {[%emt 0:00:54]} 28. Rf1 {[%emt 0:02:48]} Qf3 {[%emt 0:01:44]} 29. Nc8 {[%emt 0:01:33]} g5 {[%emt 0:01:33]} 0-1

[Event "CCCSA IM Norm B 2019"]
[Site "Charlotte"]
[Date "2019.06.07"]
[Round "4.5"]
[White "Zapata, Alonso"]
[Black "Mishra, Abhimanyu"]
[Result "1-0"]
[WhiteElo "2427"]
[BlackElo "2227"]
[Annotator "TA"]
[PlyCount "101"]
[EventDate "2019.06.05"]
[EventType "tourn"]
[EventCountry "USA"]
[SourceTitle "playchess.com"]
[Source "ChessBase"]
[SourceQuality "1"]

{[%evp 17,101,28,28,29,65,36,81,10,22,13,47,0,0,7,14,0,0,0,0,0,0,-53,-3,-8,-10,-103,-106,-108,-90,-93,-83,-72,-89,-75,-93,-103,-62,-67,-58,-70,-54,-54,-52,-68,-11,-13,0,0,0,-8,0,0,40,0,43,22,39,0,0,0,0,0,23,14,49,22,26,21,26,14,16,18,470,294,29991,29992,29992,29993,29993,29994,29996,29997,29997,29998,29998,29999]} 1. e4 c5 2. Nf3 e6 3. d4 cxd4 4. Nxd4 Nc6 5. Nc3 Qc7 6. f4 a6 7. Nxc6 Qxc6 8. Bd3 b5 9. Qe2 Bb7 10. a3 {B47: Sicilian: Taimanov: 5 Nc3 Qc7 6 f4, 6 g3 and 6 Be2} (10. Bd2 Bc5 11. O-O-O Ne7 12. a3 O-O 13. Qh5 f6 14. Rhf1 Rf7 15. g4 b4 16. axb4 Bxb4 17. e5 f5 18. Rg1 Rc8 {0-1 (53) Saric,I (2669)-Harikrishna,P (2744) Riadh 2017}) 10... Ne7 11. Bd2 Ng6 12. O-O ({White should try} 12. Rf1 $16) 12... Bc5+ $11 13. Kh1 f6 14. Rf3 O-O $146 ({Predecessor:} 14... Bd4 15. a4 Bxc3 16. axb5 axb5 17. Rxa8+ Bxa8 18. Bxc3 Qd6 {1-0 (52) Berebora,F (2275)-Robovic,S (2385) Budapest 1990}) 15. Rh3 {Qh5 is the strong threat.} Rf7 16. Rf1 f5 17. Qh5 Nf8 18. Rg3 {[%cal Re4f5]} g6 19. Qe2 ({Better is} 19. Qh3 $11) 19... Bd4 20. e5 d6 21. Nd1 (21. exd6 $11 Rd8 22. a4) 21... dxe5 $17 22. fxe5 Nd7 $36 {[%mdl 2048] White is under strong pressure.} 23. Bf4 Nc5 24. c3 Nxd3 25. cxd4 Nxf4 26. Rxf4 Rd8 {Hoping for ...Qc1.} 27. Nc3 Qb6 28. Qf2 Rfd7 29. h4 Rg7 $1 ({Avoid the trap} 29... Rxd4 $2 {[#]} 30. Rd3 $1 $18 {[%mdl 512]}) 30. Qd2 h6 (30... Bd5 $15) 31. Ne2 $11 Kh7 32. Rf1 a5 33. Rc1 Be4 34. Qe3 b4 35. axb4 axb4 36. Rc5 Rd5 {Black wants to play ...Rxc5.} 37. Rxd5 Bxd5 38. Nf4 Qc6 39. Qd2 Qc4 40. Kh2 Qb5 41. Qd1 Qc4 42. b3 Qc6 43. Qd2 Qb5 44. Qc2 Qb6 $2 {[%mdl 8192]} (44... Qd7 $1 $11 {and Black stays safe.}) 45. h5 $18 Qxd4 $2 (45... g5 $18 46. Nxd5 {[%mdl 64] Overworked Piece} exd5 47. Qxf5+ Kg8 48. Qc8+ Kh7) 46. hxg6+ {White mates.} Kh8 47. Qc8+ {[%mdl 64] [#] Double Attack} Rg8 48. Qc7 {[%csl Gg6][%cal Rc7h7]} Rg7 49. Qd8+ Rg8 50. Qf6+ {[%mdl 64] Double Attack} Rg7 51. Qf8+ {Accuracy: White = 57%, Black = 33%.} 1-0

[Event "CCCSA IM Norm B 2019"]
[Site "Charlotte"]
[Date "2019.06.08"]
[Round "5.1"]
[White "Homa, Seth"]
[Black "Francisco, Richard"]
[Result "1/2-1/2"]
[WhiteElo "2300"]
[BlackElo "2226"]
[Annotator "TA"]
[PlyCount "53"]
[EventDate "2019.06.05"]
[EventType "tourn"]
[EventCountry "USA"]
[SourceTitle "playchess.com"]
[Source "ChessBase"]
[SourceQuality "1"]

{[%evp 25,53,0,0,0,0,-21,36,45,51,46,41,22,48,47,32,47,48,8,9,8,8,8,17,0,7,0,0,0,0,-48]} 1. c4 c5 2. Nf3 Nc6 3. d4 cxd4 4. Nxd4 g6 5. e4 Bg7 6. Be3 Nf6 7. Nc3 O-O 8. Be2 b6 9. O-O Bb7 10. Qd2 Nxd4 11. Bxd4 e5 12. Bxe5 Nxe4 13. Nxe4 Bxe5 14. Nd6 {B38: Sicilian: Maroczy Bind with 5...Bg7 and 7...0-0} (14. f4 Bxb2 15. Qxb2 Bxe4 16. Bf3 Bxf3 17. Rxf3 Rc8 18. f5 Rxc4 19. Raf1 gxf5 20. Rxf5 Rg4 21. Qe5 d6 {0-1 (67) Flores,D (2567)-Cuartas,J (2492) Medellin 2017}) 14... Bc6 ({But not} 14... Qh4 $2 15. g3 $18) 15. f4 Bg7 (15... Bxd6 $1 $11 16. Qxd6 Re8) 16. Rad1 $14 {White is slightly better.} Qf6 17. b3 Qc3 18. Bf3 a5 $146 ({Predecessor:} 18... Qxd2 19. Rxd2 Bc3 20. Rd3 Bb4 21. g3 f5 22. Rfd1 Bxd6 {0-1 (22) Valvo,M (2368)-Betaneli,A (2244) Saint Paul 2000}) 19. Qxc3 Bxc3 20. a4 Rad8 21. Kf2 f5 {The position is equal.} 22. Rd3 Bb4 23. Rfd1 Rb8 24. h3 Kg7 25. Ke2 Rf6 26. Kf2 h5 27. g3 {Accuracy: White = 55%, Black = 61%.} 1/2-1/2

[Event "CCCSA IM Norm B 2019"]
[Site "Charlotte"]
[Date "2019.06.08"]
[Round "5.2"]
[White "Sinha, Sahil"]
[Black "Zapata, Alonso"]
[Result "0-1"]
[WhiteElo "2283"]
[BlackElo "2427"]
[Annotator "TA"]
[PlyCount "118"]
[EventDate "2019.06.05"]
[EventType "tourn"]
[EventCountry "USA"]
[SourceTitle "playchess.com"]
[Source "ChessBase"]
[SourceQuality "1"]

{[%evp 13,130,61,72,64,56,66,70,55,77,64,92,76,75,59,60,51,93,59,99,51,59,46,46,46,56,39,56,43,46,15,22,21,33,26,38,31,55,56,147,48,57,53,57,55,62,66,71,50,61,32,79,68,76,61,87,39,97,74,95,0,74,86,95,27,71,59,106,22,32,39,55,0,24,-34,25,-41,-36,-83,-21,-31,-25,-96,-96,-79,-90,-80,-85,-102,-108,-277,-257,-223,-177,-305,-297,-279,-289,-289,-289,-338,-195,-270,-226,-1111,-1094,-1396,-1306,-29989,-3028,-29988,-2342,-29981,-29982,-29984,-29985,-29985,-29986,-29984,-29985]} 1. d4 Nf6 2. c4 d6 3. Nf3 Nbd7 4. Nc3 c6 5. e4 e5 6. Be2 g6 7. O-O Bg7 8. Be3 {E90: King's Indian: Classical: Early deviations and 6 h3} (8. Re1 O-O 9. Bf1 h6 10. Rb1 Nh7 11. dxe5 dxe5 12. b4 a5 13. b5 Qe7 14. Na4 Rd8 15. Qb3 Nhf8 16. Ba3 Qf6 17. bxc6 bxc6 18. Nb6 {0-1 (35) Wojtaszek,R (2727)-Movsesian,S (2653) Huaian 2016}) 8... Ng4 9. Bg5 f6 10. Bd2 {White is slightly better.} Nh6 11. d5 c5 12. Qc1 Nf7 13. Be3 $146 ({Predecessor:} 13. g3 O-O 14. Nh4 Qe7 15. Bg4 Re8 16. Qc2 Bh6 17. Rae1 Bxd2 18. Qxd2 {½-½ (24) Scarella,E (2380)-Dolezal,C (2290) Villa Ballester 1995}) 13... O-O 14. a3 a6 15. b4 Qc7 16. Ne1 f5 17. f3 b6 18. Nd3 Nf6 19. Rb1 f4 20. Bf2 g5 21. bxc5 bxc5 22. Na4 Nd7 23. Qc3 Bf6 24. Rb2 h5 25. Rfb1 g4 (25... Ra7 $14) 26. Be1 (26. fxg4 $16 {Threatens to win with Qe1.} Ng5 27. Qc2 (27. gxh5 Nxe4 28. Qe1 Nxf2 $14)) 26... Ng5 27. Nf2 g3 28. hxg3 fxg3 29. Nd1 $1 h4 30. Ne3 Nf7 31. Nf5 Bd8 32. Bd2 Ra7 33. Be3 Kh7 34. Bd3 Bf6 (34... Kh8 $14) 35. Bd2 Qd8 36. Kf1 (36. Qc1 $16) 36... Kg6 (36... h3 $11) 37. Ke2 $16 Rh8 38. Rh1 (38. Be3 $16) 38... Nf8 39. Rb8 {aiming for Nb6.} Qc7 40. Rbb1 ({White should try} 40. Qb2 $16) 40... Bxf5 $1 $11 41. exf5+ Kg7 {And now ...e4! would win.} 42. Be4 (42. Qc1 $14) 42... Nd7 43. Qa5 ({Only move:} 43. Qc1 $1 $11) 43... Bd8 (43... Qxa5 $15 44. Bxa5 Bg5) 44. Qc3 ({Better is} 44. Qxc7 $11 Rxc7 45. Bc2) 44... Rb7 $15 45. Nb2 Bf6 ({Black should play} 45... Bg5 $17) 46. Nd3 $11 Rhb8 $36 {[%mdl 2048] Black fights for an advantage.} 47. Qc2 (47. Rb2 $11) 47... Rxb1 $1 $17 48. Rxb1 Rxb1 49. Qxb1 Qc8 50. Be3 Bg5 51. Bxg5 $2 (51. f4 $17 exf4 52. Nxf4) 51... Nxg5 $19 52. Qc1 Qd8 53. Ne1 (53. Qe3 $142) 53... h3 54. gxh3 Nxh3 55. Ng2 Nf6 56. Qb1 Qe8 (56... Nf4+ $142 57. Nxf4 exf4) 57. Qb7+ (57. Qb6 $142 Nf4+ 58. Nxf4 exf4 59. Qxd6 Nxe4 60. Qxf4 Ng5+ 61. Kf1) 57... Kh6 $1 58. Qc6 $2 (58. Qb6 Qa4 {[%mdl 64] Double Attack} 59. Qxd6 Qxc4+ {[%mdl 64] Double Attack} 60. Kd2 Qa2+ 61. Kc1 Qxa3+ 62. Kc2 Qa2+ 63. Kc3 $1 {[%mdl 512]} Qa3+ 64. Kc2 $1 {[%mdl 512]}) 58... Qb8 59. Bc2 {[#]} e4 {Played: Qb8-b2} 0-1

[Event "CCCSA IM Norm B 2019"]
[Site "Charlotte"]
[Date "2019.06.08"]
[Round "5.3"]
[White "Mishra, Abhimanyu"]
[Black "Lokander, Martin"]
[Result "1/2-1/2"]
[WhiteElo "2227"]
[BlackElo "2429"]
[Annotator "TA"]
[PlyCount "93"]
[EventDate "2019.06.05"]
[EventType "tourn"]
[EventCountry "USA"]
[SourceTitle "playchess.com"]
[Source "ChessBase"]
[SourceQuality "1"]

{[%evp 11,93,33,46,38,40,42,41,40,42,37,41,25,30,16,31,25,33,21,31,12,25,18,23,20,18,18,20,25,25,22,28,22,34,32,32,31,24,11,11,11,11,11,4,0,0,0,0,0,0,0,6,0,27,24,35,0,41,20,46,46,46,46,96,96,96,89,89,89,89,89,125,139,139,125,125,119,125,125,125,0,125,0,125,0]} 1. e4 e5 2. Nf3 Nf6 3. Nxe5 d6 4. Nf3 Nxe4 5. Nc3 Nf6 6. d4 Be7 7. h3 {C42: Petroff Defence: 3 Nxe5 and unusual White 3rd moves} (7. Bd3 O-O 8. O-O Nc6 9. d5 Nb4 10. Be2 c6 11. dxc6 bxc6 12. a3 Nbd5 13. Nxd5 Nxd5 14. Nd4 Bd7 15. Bf3 Rc8 16. Bxd5 cxd5 {1-0 (47) Caruana,F (2828)-Lenderman,A (2637) Saint Louis 2019}) 7... O-O 8. Bd3 Re8 9. O-O {White is slightly better.} c6 10. Re1 Nbd7 {[%cal Bb8d7,Bd7f8,Bf8g6][%mdl 32]} 11. Bf4 Nf8 12. Qd2 Ng6 13. Bh2 Bd7 14. Re3 $146 ({Predecessor:} 14. Rad1 Bf8 15. Rxe8 Bxe8 {½-½ (46) Margolin,B (2376)-Kovacs,G (2463) Germany 2018}) 14... Bf8 15. Rxe8 Qxe8 16. Re1 Qc8 17. Ne4 Nxe4 18. Bxe4 Bf5 19. Bxf5 Qxf5 20. c4 d5 21. c5 f6 22. b4 Qd7 23. Qe2 Kf7 24. a4 Re8 25. Qxe8+ Qxe8 26. Rxe8 Kxe8 $11 {[%mdl 4096] Endgame KBN-KBN} 27. Bb8 a6 28. Kf1 Kd7 29. Ke2 Kc8 30. Bh2 b5 31. a5 Kd7 32. Ne1 Be7 33. Nd3 Bd8 34. g4 Bc7 35. Bxc7 Kxc7 $14 {KN-KN} 36. f4 Nf8 37. f5 Kd7 38. h4 g6 39. Kf3 Ke7 40. Nf4 g5 41. hxg5 fxg5 42. Nd3 {Strongly threatening Ne5.} Nd7 43. Ne5 Nb8 44. Kg3 Kf6 45. Kf3 Ke7 $1 46. Kg3 Kf6 47. Kf3 {Accuracy: White = 56%, Black = 50%.} ({White should play} 47. Kg2 $16) 1/2-1/2

[Event "CCCSA IM Norm B 2019"]
[Site "Charlotte"]
[Date "2019.06.08"]
[Round "5.4"]
[White "Ynojosa Aponte, Felix Jose"]
[Black "Dukic, Zachary"]
[Result "1/2-1/2"]
[WhiteElo "2386"]
[BlackElo "2224"]
[Annotator "TA"]
[PlyCount "43"]
[EventDate "2019.06.05"]
[EventType "tourn"]
[EventCountry "USA"]
[SourceTitle "playchess.com"]
[Source "ChessBase"]
[SourceQuality "1"]

{[%evp 18,43,16,-7,7,8,10,0,6,0,0,-6,-2,-1,0,0,0,0,0,-7,0,-12,0,0,27,0,0,-12]} 1. e4 e5 2. Nf3 Nc6 3. Bc4 Bc5 4. Nc3 Nf6 5. d3 d6 6. Bg5 h6 7. Bxf6 Qxf6 8. Nd5 Qd8 9. c3 Ne7 {[%cal Bc6e7,Be7d5,Bd5f6][%mdl 32]} 10. d4 Nxd5 {C50: Hungarian Defence and Giuoco Pianissimo} 11. dxc5 Nf6 12. cxd6 cxd6 13. Bb5+ $146 ({Predecessor:} 13. Qd3 Qb6 14. O-O Ke7 15. a4 Rd8 16. Nd2 a5 17. Ba2 Bd7 18. Nc4 {½-½ (43) Stojanovic,D (2514)-Erdos,V (2645) Sarajevo 2013}) 13... Ke7 14. Bd3 Qb6 15. Qc2 Be6 16. O-O Rac8 17. Nd2 Rhd8 18. Rfe1 Kf8 19. Nf1 Qc5 20. Ne3 Kg8 21. Qe2 b5 22. Qc2 {Accuracy: White = 40%, Black = 66%.} 1/2-1/2

[Event "CCCSA IM Norm B 2019"]
[Site "Charlotte"]
[Date "2019.06.08"]
[Round "5.5"]
[White "Kumar, Nikhil"]
[Black "Kolay, Alex"]
[Result "1-0"]
[WhiteElo "2257"]
[BlackElo "2274"]
[Annotator "TA"]
[PlyCount "55"]
[EventDate "2019.06.05"]
[EventType "tourn"]
[EventCountry "USA"]
[SourceTitle "playchess.com"]
[Source "ChessBase"]
[SourceQuality "1"]

{[%evp 12,73,28,25,25,25,31,14,21,13,20,10,20,6,7,0,0,0,0,0,0,0,0,-47,-62,-95,16,-182,-193,-188,-33,-243,602,609,603,610,592,573,758,692,659,215,610,610,604,606,602,603,583,582,577,566,588,587,660,647,720,718,718,644,715,710,679,637]} 1. d4 d5 2. c4 c6 3. Nf3 Nf6 4. e3 e6 5. b3 Nbd7 6. Bd3 $146 ({Predecessor:} 6. Bb2 b6 7. Bd3 Bd6 8. O-O O-O 9. Ne5 Bb7 {½-½ (27) Toth,B (2628)-Voss,M (2665) ICCF email 2009}) 6... Bd6 7. Bb2 O-O {A06: Réti Opening:1 Nf3 d5} 8. Nbd2 b6 9. O-O Bb7 {The position is equal.} 10. Ne5 c5 11. cxd5 exd5 12. f4 cxd4 13. exd4 Ne4 14. Nxe4 dxe4 15. Bc4 Nf6 16. Qe2 Rc8 17. g4 Rc7 18. g5 Nd7 (18... Nd5 $1 $17) 19. Qh5 $2 (19. Rad1 $11 {and White has nothing to worry.}) 19... Nxe5 $19 20. fxe5 {[#]} g6 $2 (20... Ba3 $1 $19 {[%cal Ra3b2][%mdl 512]} 21. Bxa3 Qxd4+ 22. Kg2 e3+ 23. Kh3 Rxc4 24. bxc4 Qd3) 21. Qh6 $2 ({White should try} 21. Qg4 $1 $15 Bb4 22. e6) 21... Be7 $4 {[%mdl 8192] [#]} (21... Ba3 $19 22. Bxa3 Qxd4+ 23. Kg2 e3+ 24. Kh3 Bc8+ 25. e6 Re8) 22. e6 $1 $18 {[%cal Re6f7]} Bd5 23. Rxf7 Rxf7 24. exf7+ Kh8 {and if ...Bf8 works, Black does fine.} 25. Rf1 Bf8 {[#]} 26. Qh4 $2 (26. Bxd5 $3 {[%mdl 512] White wants to mate with Bc4!} b5 (26... Qxd5 27. Qxf8#) 27. Bxe4 Rxf7 28. Qh4 Rxf1+ 29. Kxf1) 26... Rc8 $2 (26... h5 27. Qg3 Rd7 28. Qe5+ Kh7) 27. Qf4 {aiming for Qe5+.White is clearly winning.} Bg7 {[#] and the idea ...b5 leaves Black hopeful.} 28. f8=R+ {Played: f7-f8Q} 1-0